|
|
|
|
| LEADER |
00000nab a2200000 a 4500 |
| 001 |
vtls010199828 |
| 003 |
SK-MaSNL |
| 005 |
20260304155418.0 |
| 008 |
250507 2009 xo 000 0 slo |
| 015 |
|
|
|a SNBRB2010/12
|2 lmaosk
|
| 035 |
|
|
|a (uuid)7f1e024a-d73c-44e2-a22e-5fa27ded1555
|
| 035 |
|
|
|a urn:nbn:sk:snk-ababxm
|
| 035 |
|
|
|a (urnnbn)urn:nbn:sk:snk:ar-a0ak5n
|
| 040 |
|
|
|a SNKBUCL
|b slo
|c SNKBUCL
|e AACR2
|
| 041 |
0 |
|
|a eng
|
| 044 |
|
|
|a xo
|c SK
|
| 080 |
|
|
|a 632
|2 2001
|
| 100 |
1 |
|
|a Gelnarová, Eva,
|4 aut
|9 415283
|
| 245 |
1 |
0 |
|a Historical Data Based Wind Segmentation
|c Eva Gelnarová ... [et al.]
|
| 300 |
|
|
|b Obr.,
|
| 504 |
|
|
|a Bibliogr. odkazy
|
| 546 |
|
|
|a Res. angl.
|
| 650 |
0 |
7 |
|a vietor
|2 lmaosk
|9 18410
|
| 700 |
1 |
|
|a Krupanský, Petr
|4 aut
|9 801708
|
| 700 |
1 |
|
|a Svoboda, Jiří
|4 aut
|9 285664
|
| 700 |
1 |
|
|a Mejzlík, Petr
|4 aut
|9 801709
|
| 700 |
1 |
|
|a Neužil, Tomáš
|4 aut
|9 801710
|
| 773 |
0 |
|
|t Science & Military
|g Roč. 4, č. 2 (2009), s. 32-37
|x 1336-8885
|
| 850 |
|
|
|a Slovenská národná knižnica
|
| 852 |
|
|
|a Slovenská národná knižnica
|
| 958 |
|
|
|a article14
|
| 958 |
|
|
|a OND
|
| 958 |
|
|
|a NB
|
| 958 |
|
|
|a EUIPO
|
| 999 |
|
|
|c 2962170
|d 2964100
|